Statistics for FIFA World Cups 2010s Common Players

Click here to take the quiz!

General Stats

  • This quiz has been taken 70 times
  • The average score is 26 of 50

Answer Stats

PositionPlayerTeam% Correct
FWLionel MessiArgentina
98%
FWCristiano RonaldoPortugal
89%
GKManuel NeuerGermany
85%
GKHugo LlorisFrance
82%
FWLuis SuarezUruguay
82%
FWEdinson CavaniUruguay
78%
FWSergio AgüeroArgentina
78%
FWThomas MüllerGermany
78%
MFAndrés IniestaSpain
76%
FWGonzalo HiguainArgentina
73%
DFSergio RamosSpain
73%
DFDiego GodinUruguay
71%
DFThiago SilvaBrazil
71%
MFToni KroosGermany
71%
MFDavid SilvaSpain
69%
DFGérard PiquéSpain
69%
GKMartin SilvaUruguay
69%
MFAngel Di MariaArgentina
67%
DFPepePortugal
67%
GKFernando MusleraUruguay
65%
FWJavier HernandezMexico
65%
MFJavier MascheranoArgentina
65%
DFJérôme BoatengGermany
65%
MF/FWTim CahillAustralia
65%
GKGuillermo OchoaMexico
64%
FWXherdan ShaqiriSwitzerland
62%
MFSergio BusquetsSpain
56%
MFMesüt ÖzilGermany
55%
GKPepe ReinaSpain
55%
DF/MFRafael MarquezMexico
53%
MFKeisuke HondaJapan
49%
MFSami KhediraGermany
49%
FWShinji OkazakiJapan
38%
DFBruno AlvesPortugal
33%
MFMile JedinakAustralia
33%
DFMartin CaceresUruguay
31%
DF/MFAndrés GuardadoMexico
24%
MFKi Sung-yuengSouth Korea
24%
DFYuto NagatomoJapan
24%
MFGiovani dos SantosMexico
22%
MFValon BehramiSwitzerland
22%
GKBetoPortugal
20%
GKEiji KawashimaJapan
20%
DFStephan LichtsteinerSwitzerland
18%
DFMaxi PereiraUruguay
16%
DFHector MorenoMexico
15%
MFMakoto HasebeJapan
13%
MFGelson FernandesSwitzerland
11%
DFElderson EchiéjiléNigeria
7%
DF/MFMark MiliganAustralia
5%

Score Distribution

Percentile by Number Answered

Percent of People with Each Score

Your Score History

You have not taken this quiz